Sinh học cơ thể động, thực vật : ( Chuyên đề luyện thi đại học)

Sách được biên soạn theo từng chương của sách giáo khoa sinh học 11, gồm IV chương: Chương I. Chuyển hoá vật chất và năng lượng ; Chương II. Cảm ứng ; Chương III. Sinh trưởng và phát triển; Chương IV. Sinh sản...

Popoln opis

Shranjeno v:
Bibliografske podrobnosti
Glavni avtor: Trịnh, Nguyên Giao
Format: Knjiga
Jezik:Undetermined
Izdano: Hà Nội Giáo dục 2008
Teme:
Oznake: Označite
Brez oznak, prvi označite!
Thư viện lưu trữ: Trung tâm Học liệu Trường Đại học Cần Thơ
LEADER 00990nam a2200229Ia 4500
001 CTU_184912
008 210402s9999 xx 000 0 und d
020 |c 23000 
082 |a 570.712 
082 |b Gi108 
100 |a Trịnh, Nguyên Giao 
245 0 |a Sinh học cơ thể động, thực vật : 
245 0 |b ( Chuyên đề luyện thi đại học) 
245 0 |c Trịnh Nguyên Giao 
260 |a Hà Nội 
260 |b Giáo dục 
260 |c 2008 
520 |a Sách được biên soạn theo từng chương của sách giáo khoa sinh học 11, gồm IV chương: Chương I. Chuyển hoá vật chất và năng lượng ; Chương II. Cảm ứng ; Chương III. Sinh trưởng và phát triển; Chương IV. Sinh sản 
650 |a Biology,Sinh học 
650 |x Study and teaching,Học và giảng dạy 
904 |i Ngọc Loan 
980 |a Trung tâm Học liệu Trường Đại học Cần Thơ